[Event "Pan American-ch School U15 Girls 12th"]
[Site "Callao"]
[Date "2023.10.19"]
[Round "7"]
[White "Moreno Ojeda, Ivana Sofia"]
[Black "Pantigoso Porras, Katherine Guadalupe"]
[Result "1/2-1/2"]
[WhiteElo "1264"]
[BlackElo "1148"]
[PlyCount "149"]
[EventDate "2023.10.16"]
[EventType "swiss"]
[EventRounds "9"]
[EventCountry "PER"]
[SourceTitle "Mega2024 Update 01"]
[Source "Chessbase"]
[SourceDate "2023.11.12"]
[SourceVersion "1"]
[SourceVersionDate "2023.11.12"]
[SourceQuality "1"]

1. e4 e5 2. Nf3 Nc6 3. Bc4 Bc5 4. Nc3 Nf6 5. d3 h6 6. 0-0 0-0 7. Nd5 d6 8. h3 Be6 9. Be3 Nd4 10. c3 Nc6 11. b4 Bb6 12. a4 a6 13. Nxb6 cxb6 14. Bxe6 fxe6 15. Re1 d5 16. Qc2 Qc7 17. Bd2 Nxb4 18. Qb1 Nc6 19. Be3 Nd7 20. Qc1 Nc5 21. Qc2 Rf7 22. Ra2 Rc8 23. Bd2 Nd7 24. Rb2 Nd4 25. Nxd4 exd4 26. Rc1 dxc3 27. Qxc3 Qxc3 28. Rxc3 Rxc3 29. Bxc3 dxe4 30. dxe4 Nc5 31. Rb4 Rf4 32. f3 a5 33. Rxb6 Nxa4 34. Rb3 Nxc3 35. Rxc3 Rf7 36. Rb3 a4 37. Rb5 Rc7 38. Ra5 Rc4 39. Kf2 Kf7 40. Ke3 Ke7 41. Kd3 Rb4 42. Kc3 Rb3+ 43. Kc2 b5 44. Ra7+ Kf6 45. f4 g5 46. e5+ Kg6 47. Re7 gxf4 48. Rxe6+ Kf5 49. Rxh6 Kxe5 50. Rb6 b4 51. Rb5+ Kf6 52. h4 Kg6 53. Ra5 Rc3+ 54. Kb2 a3+ 55. Ka2 Rc2+ 56. Kb3 Rxg2 57. Kxb4 a2 58. Kc4 f3 59. Kd3 Rb2 60. Kc3 f2 61. Kxb2 f1Q 62. Rxa2 Qe2+ 63. Kb1 Qe1+ 64. Kb2 Qb4+ 65. Kc2 Kh5 66. Rb2 Qc4+ 67. Kb1 Kxh4 68. Rc2 Qd3 69. Kb2 Kg4 70. Rc3 Qd4 71. Kb3 Kf5 72. Rc4 Qd5 73. Kb4 Qd2+ 74. Rc3 Ke5 75. Kb3 1/2-1/2

[Event "Pan American-ch School U15 Girls 12th"]
[Site "Callao"]
[Date "2023.10.17"]
[Round "3"]
[White "Arias Ochoa, Adriana Maddyel"]
[Black "Moreno Ojeda, Ivana Sofia"]
[Result "1-0"]
[WhiteElo "1026"]
[BlackElo "1264"]
[PlyCount "97"]
[EventDate "2023.10.16"]
[EventType "swiss"]
[EventRounds "9"]
[EventCountry "PER"]
[SourceTitle "Mega2024 Update 01"]
[Source "Chessbase"]
[SourceDate "2023.11.12"]
[SourceVersion "1"]
[SourceVersionDate "2023.11.12"]
[SourceQuality "1"]

1. d4 Nf6 2. Nf3 e6 3. Bf4 d5 4. c3 c5 5. e3 Nc6 6. Nbd2 Be7 7. Bd3 0-0 8. Ne5 Nd7 9. Ndf3 Ncxe5 10. Nxe5 Nxe5 11. Bxe5 Bd6 12. Bg3 f5 13. 0-0 c4 14. Bc2 Bxg3 15. fxg3 Qg5 16. Qf3 Bd7 17. Rf2 Be8 18. Raf1 Bh5 19. Qf4 Qf6 20. Qh4 Qxh4 21. gxh4 Rac8 22. h3 b5 23. g4 Bg6 24. gxf5 exf5 25. Bxf5 Bxf5 26. Rxf5 Rxf5 27. Rxf5 Rd8 28. Kf2 Rf8 29. Rxf8+ Kxf8 30. Kf3 Kf7 31. Kf4 Kf6 32. a3 a6 33. h5 a5 34. h4 h6 35. e4 dxe4 36. Kxe4 a4 37. d5 Ke7 38. Ke5 Kd7 39. d6 Ke8 40. Ke6 Kd8 41. d7 g5 42. hxg6 b4 43. g7 Kc7 44. g8Q bxc3 45. Qc8+ Kb6 46. Kd6 cxb2 47. Qb8+ Ka6 48. Kc6 b1Q 49. Qa8# 1-0

[Event "Pan American-ch School U15 Girls 12th"]
[Site "Callao"]
[Date "2023.10.16"]
[Round "2"]
[White "Moreno Ojeda, Ivana Sofia"]
[Black "Neciosup Calvo, Abigail Mariana"]
[Result "0-1"]
[WhiteElo "1264"]
[BlackElo "1105"]
[PlyCount "86"]
[EventDate "2023.10.16"]
[EventType "swiss"]
[EventRounds "9"]
[EventCountry "PER"]
[SourceTitle "Mega2024 Update 01"]
[Source "Chessbase"]
[SourceDate "2023.11.12"]
[SourceVersion "1"]
[SourceVersionDate "2023.11.12"]
[SourceQuality "1"]

1. e4 e5 2. Nf3 Nc6 3. Bc4 Bc5 4. Nc3 Nf6 5. d3 d6 6. Bg5 h6 7. Bxf6 Qxf6 8. Nd5 Qd8 9. c3 a6 10. b4 Ba7 11. h3 Ne7 12. 0-0 Nxd5 13. Bxd5 c6 14. Bb3 Qf6 15. Kh2 0-0 16. Qd2 Bb8 17. a3 d5 18. Qe2 Be6 19. Ba2 dxe4 20. dxe4 Bxa2 21. Rxa2 Qe6 22. c4 f5 23. Rd2 Bc7 24. Rfd1 fxe4 25. Qxe4 Rf4 26. Qc2 Rxc4 27. Qa2 e4+ 28. g3 exf3 29. Rd7 Rc8 30. Qb2 Qe5 31. Qb3 Qe2 32. R7d2 Qe6 33. Qxf3 Rf8 34. Qb3 Re4 35. Qb2 Re5 36. Rd7 Rxf2+ 37. Qxf2 Re2 38. R7d2 Rxf2+ 39. Rxf2 Qb3 40. Rg1 Bb6 41. Rgg2 Bxf2 42. Rxf2 Qxa3 43. Rg2 Qxb4 0-1